| 000 | 00852nam a2200253 4500 | ||
|---|---|---|---|
| 999 |
_c2532 _d2532 |
||
| 001 | 2532 | ||
| 003 | BD-JhCC | ||
| 005 | 20210923134021.0 | ||
| 008 | 171104s2010 bg |||| |||| 000 0 ben d | ||
| 020 | _a9848261427 | ||
| 035 | _a(BD-JhCC)2532 | ||
| 040 |
_aBD-JhCC _dBD-JhCC |
||
| 041 | _aben | ||
| 082 |
_a943.086092 _bHIT 2010 |
||
| 100 | _aহিটলার, অ্যাডলফ | ||
| 245 |
_aমাইন ক্যাম্ফ : _b(আমার সংগ্রাম) / _cঅ্যাডলফ হিটলার, আক্কাস আলী [রুপা.] |
||
| 260 |
_aঢাকা : _bদি স্কাই পাবলিশার্স, _c2010. |
||
| 300 |
_a254 p. : _c21 cm. |
||
| 650 | _aPolitics and Government | ||
| 650 | _aAdolf Hitler | ||
| 700 | _aআলী, আক্কাস | ||
| 942 |
_2ddc _cBK _02 |
||